Survey sampling (Record no. 21985)

MARC details
000 -LEADER
fixed length control field 00377nam a2200157Ia 4500
082 ## - DEWEY DECIMAL CLASSIFICATION NUMBER
Classification number 519.52 KIS-;
100 ## - MAIN ENTRY--AUTHOR NAME
Personal name Kish, Leslie
245 #0 - TITLE STATEMENT
Title Survey sampling
250 ## - EDITION STATEMENT
Edition statement 2nd
260 ## - PUBLICATION, DISTRIBUTION, ETC. (IMPRINT)
Place of publication New York
Name of publisher John Wiley
Year of publication 1965
300 ## - PHYSICAL DESCRIPTION
Number of Pages xvi, 643p.
504 ## - BIBLIOGRAPHY, ETC. NOTE
Bibliography, etc Includes index
650 ## - SUBJECT ADDED ENTRY--TOPICAL TERM
Topical Term Sampling (Statistics) - Methodology
650 ## - SUBJECT ADDED ENTRY--TOPICAL TERM
Topical Term Mathematical statistics
942 ## - ADDED ENTRY ELEMENTS (KOHA)
Koha item type Books
Holdings
Withdrawn status Lost status Damaged status Not for loan Home library Current library Date acquired Full call number Accession Number Price effective from Koha item type
        NASSDOC Library NASSDOC Library 08/06/2004 519.52 KIS-; 339 18/04/2019 Books